Ontario Landmarks - Statistics

General Stats
  • This quiz has been taken 18 times
  • The average score is 4 of 8
Answer Stats
Picture Answer % Correct
CN Tower
94%
Niagara Falls
94%
Canada's Wonderland
59%
Parliament Hill
59%
Casa Loma
41%
Rideau Canal
41%
Rainbow International Bridge
29%
Georgian Bay
0%
No matching quizzes found
Score Distribution
Percent of People with Each Score
Percentile by Number Answered
Your Score History
You have not taken this quiz